Dimension theory / (Record no. 6317)
[ view plain ]
| 000 -LEADER | |
|---|---|
| fixed length control field | 00834cam a2200265 a 4500 |
| 001 - CONTROL NUMBER | |
| control field | 6317 |
| 003 - CONTROL NUMBER IDENTIFIER | |
| rucl marc code | BD-RjUL |
| 005 - DATE AND TIME OF LATEST TRANSACTION | |
| control field | 20211208234225.0 |
| 008 - FIXED-LENGTH DATA ELEMENTS--GENERAL INFORMATION | |
| fixed length control field | 14 r1941 u 001 0 eng d |
| 035 ## - SYSTEM CONTROL NUMBER | |
| System control number | (BD-RjUL)6357 |
| 040 ## - CATALOGING SOURCE | |
| Original cataloging agency | BD-RjUL |
| Language of cataloging | eng |
| Transcribing agency | BD-RjUL |
| Modifying agency | BD-RjUL |
| 041 ## - LANGUAGE CODE | |
| Language code of text/sound track or separate title | eng |
| 082 04 - DEWEY DECIMAL CLASSIFICATION NUMBER | |
| Edition number | 22 |
| Classification number | 514 |
| Author mark and year | HUD 1959 |
| 100 1# - MAIN ENTRY--PERSONAL NAME | |
| Personal name | Hurewicz, Witold, |
| Dates associated with a name | 1904-1956. |
| 9 (RLIN) | 19887 |
| 245 10 - TITLE STATEMENT | |
| Title | Dimension theory / |
| Statement of responsibility, etc. | by Witold Hurewicz and Henry Wallman. |
| 260 ## - PUBLICATION, DISTRIBUTION, ETC. (IMPRINT) | |
| Place of publication, distribution, etc. | Princeton : |
| Name of publisher, distributor, etc. | Princeton University Press, |
| Date of publication, distribution, etc. | c1941 [printing 1952,1959]. |
| 300 ## - PHYSICAL DESCRIPTION | |
| Pagination | vii, 165 p. ; |
| Size | 24 cm. |
| 490 1# - SERIES STATEMENT | |
| Series statement | Princeton mathematical series ; |
| Volume/sequential designation | 4 |
| 504 ## - BIBLIOGRAPHY, ETC. NOTE | |
| Bibliography, etc | Includes index. |
| 650 #0 - SUBJECT ADDED ENTRY--TOPICAL TERM | |
| Topical term or geographic name as entry element | Dimension theory (Topology) |
| 9 (RLIN) | 19888 |
| 700 1# - ADDED ENTRY--PERSONAL NAME | |
| Personal name | Wallman, Henry. |
| 830 #0 - SERIES ADDED ENTRY--UNIFORM TITLE | |
| Volume number/sequential designation | 4 |
| Uniform title | Princeton mathematical series ; |
| 942 ## - ADDED ENTRY ELEMENTS (KOHA) | |
| Source of classification or shelving scheme | Dewey Decimal Classification |
| Koha item type | Books |
| Lost status | Source of classification or shelving scheme | Damaged status | Not for loan | Collection code | Permanent Location | Current Location | Shelving location | Date acquired | Source of acquisition | Cost, normal purchase price | Total Checkouts | Full call number | Date last seen | Copy number | Koha item type |
|---|---|---|---|---|---|---|---|---|---|---|---|---|---|---|---|
| Dewey Decimal Classification | Non-fiction | Central Library, University of Rajshahi | Central Library, University of Rajshahi | 28/01/1963 | Zeitlinger | 26.00 | 514 HUD 1959 | 09/01/2014 | C-2 | Books | |||||
| Dewey Decimal Classification | Non-fiction | Central Library, University of Rajshahi | Central Library, University of Rajshahi | 21/07/1955 | O.U.P. | 15.00 | 514 HUD 1952 | 27/08/2016 | C-3 | Books |